00452nam a2200181 a 450000100060000000300090000600800410001502000150005604000280007108200170009910000270011624500130014326000480015630000100020465000270021494200120024199900170025314882CO-ViMGA141112s2004 ck r 000 u spa d a8432216119 aCO-ViMGAbspacCO-ViMGA04aA863.6 S111t1 aSabato, Ernesto92160510aEl tunel aBarcelona(España) : bSeix Barral, c2001 a154p.14aNOVELA ARGENTINA92131 2ddccBK c25360d25360